Le Sri Lanka pour les touristes... - Statistiques

Statistiques générales
  • Ce quiz a été pris 15 fois
  • Le résultat moyen est 10 sur 20
Statistiques - réponses
Question Indice Réponses % Correct
Quelles sont les langues officielles ? Tamoul
92%
Quelles sont les langues officielles ? Anglais
85%
Le principal aéroport est C Colombo
85%
Combien d'heures (environ) mettrez-vous pour vous y rendre ? (en chiffres) 10
77%
La religion majoritaire est Bouddhisme
69%
Achats à faire 1/ Boisson Thé
69%
Quel est le climat local ? T Tropical
69%
Quelles sont les principaux lieux touristiques ? K Ville de {Kandy}
69%
Dans la capitale quel est le décalage horaire avec Paris ? (+ ou - et chiffre) ex - 10 ou + 3,5 + 3,5
54%
Quelles sont les langues officielles ? Cinghalais
54%
Le suffixe internet est lk
46%
Quelles sont les principaux lieux touristiques ? S Rocher de {Sigiriya}
46%
Comment se nomme la principale compagnie aérienne locale S A Srilankan Airlines
46%
Achats à faire 3/ Jeu local Carom
38%
Achats à faire 2/ Pierre violette Améthyste
31%
Quelle est la monnaie ? Roupie sri lankaise
31%
Code sur les plaques minéralogiques CL
8%
Quel est le régime du pays ? R P République semi-présidentielle
8%
Quelles sont les principaux lieux touristiques ? A Ville d'{Anuradhapura}
8%
Quelles sont les principaux lieux touristiques ? A Site d'{Aukana}
0%
Aucun quiz correspondant
Distribution des résultats
% des personnes avec chaque résultat
Percentile par nombre de réponses
Votre historique - résultats
Vous n’avez pas pris ce quiz